000 00511nam a2200205Ia 4500
003 GCL
008 140319s9999 xx 000 0 eng d
040 _aGCL /
_cGCL
082 0 4 _aCH
_b823
_bF S
100 1 _aFROMME, CHARL
245 1 0 _aSLEEPING BEAUITY /
_cFROMME, CHARL
700 1 _aDEWITT, ROBIN
260 _a[S.N] :
_bHEMMA ،
_c1995
650 0 4 _aENGLISH LITERATURE
650 0 4 _aLITERATURE
650 0 4 _aENGLISH FICTION
650 0 4 _aFICTION
650 0 4 _aCHILDREN - FICTION
942 _2ddc
_cBK
999 _c14642
_d14642